Alphabet A-Z in 15 Seconds - Statistics

General Stats
  • This quiz has been taken 24 times
  • The average score is 24 of 26
Answer Stats
Letter % Correct
A
100%
B
100%
D
100%
F
100%
H
100%
C
93%
E
93%
G
93%
I
93%
J
93%
L
93%
O
93%
P
93%
T
93%
U
93%
W
93%
K
87%
M
87%
N
87%
Q
87%
R
87%
Y
87%
Z
87%
S
80%
V
80%
X
80%
No matching quizzes found
Score Distribution
Percent of People with Each Score
Percentile by Number Answered
Your Score History
You have not taken this quiz